Statistics for Indian States and Union Territories (exact)

Click here to take the quiz!

General Stats

  • This quiz has been taken 20 times
    (18 since last reset)
  • The average score is 27 of 36

Answer Stats

State or Territory% Correct
Kerala
100%
Goa
94%
Tamil Nadu
94%
West Bengal
94%
Assam
88%
Gujarat
88%
Karnataka
88%
Uttar Pradesh
88%
Andhra Pradesh
81%
Madhya Pradesh
81%
Maharashtra
81%
National Capital Territory of Delhi
81%
Punjab
81%
Rajasthan
81%
Bihar
75%
Haryana
75%
Himachal Pradesh
75%
Jammu and Kashmir
75%
Jharkhand
75%
Odisha
75%
Andaman and Nicobar Islands
69%
Arunachal Pradesh
69%
Meghalaya
69%
Mizoram
69%
Nagaland
69%
Puducherry
69%
Sikkim
69%
Telangana
69%
Tripura
69%
Chandigarh
63%
Daman and Diu
63%
Lakshadweep
63%
Manipur
63%
Uttarakhand
63%
Dadra and Nagar Haveli
56%
Chhattisgarh
31%

Score Distribution

Percentile by Number Answered

Percent of People with Each Score

Your Score History

You have not taken this quiz since the last reset